| 000 | 00525nam a22001577a 4500 | ||
|---|---|---|---|
| 003 | 0 | ||
| 005 | 20231107132158.0 | ||
| 008 | 231107b xxu||||| |||| 00| 0 eng d | ||
| 050 |
_aRC 569 _b.Ag48 2023 |
||
| 100 | _aAguilay, Christiana Mae A. | ||
| 245 |
_aApperance anxiety and psychological well-being of adults considering cosmetic surgery _cAguilay, Christiana Mae A. |
||
| 260 |
_aLas Pinas City _bSouthville International School and Colleges _cc2023. |
||
| 300 |
_a239 p. _c28cm. |
||
| 500 | _aAnxiety. | ||
| 942 |
_2lcc _cTH |
||
| 999 |
_c365589 _d365589 |
||